|
|
|
|
| LEADER |
03295nam a22003853i 4500 |
| 001 |
EBC7024805 |
| 003 |
MiAaPQ |
| 005 |
20231204023226.0 |
| 006 |
m o d | |
| 007 |
cr cnu|||||||| |
| 008 |
231204s2022 xx o ||||0 eng d |
| 020 |
|
|
|a 9783839462324
|q (electronic bk.)
|
| 020 |
|
|
|z 9783837662320
|
| 035 |
|
|
|a (MiAaPQ)EBC7024805
|
| 035 |
|
|
|a (Au-PeEL)EBL7024805
|
| 035 |
|
|
|a (OCoLC)1322124207
|
| 040 |
|
|
|a MiAaPQ
|b eng
|e rda
|e pn
|c MiAaPQ
|d MiAaPQ
|
| 100 |
1 |
|
|a Lee, Dahae.
|
| 245 |
1 |
0 |
|a Public Space in Transition :
|b Co-production and Co-management of Privately Owned Public Space in Seoul and Berlin.
|
| 250 |
|
|
|a 1st ed.
|
| 264 |
|
1 |
|a Bielefeld :
|b transcript,
|c 2022.
|
| 264 |
|
4 |
|c ©2022.
|
| 300 |
|
|
|a 1 online resource (203 pages)
|
| 336 |
|
|
|a text
|b txt
|2 rdacontent
|
| 337 |
|
|
|a computer
|b c
|2 rdamedia
|
| 338 |
|
|
|a online resource
|b cr
|2 rdacarrier
|
| 490 |
1 |
|
|a Urban Studies
|
| 505 |
0 |
|
|a Cover -- Contents -- Acknowledgements -- Abstract -- List of Figures and Tables -- List of Abbreviations -- Chapter 1. Introduction -- 1.1. Research objective, questions and methodology -- 1.2. Significance of the research -- 1.3. Outline of the book -- Chapter 2. Public space in transition -- 2.1. Public space - definition and dimensions -- 2.2. The changing nature of public space -- 2.3. Co‑production of public space and POPS -- 2.4. Urban transformation as context -- 2.5. Conclusion -- Chapter 3. Research design and methodology -- 3.1. Comparative analysis -- 3.2. Document analysis -- 3.3. Expert interview -- 3.4. Site visit and analysis -- 3.5. Conclusion -- Chapter 4. Challenges of providing and managing public space in a transitional context -- 4.1. Teheran‐ro, Seoul -- 4.2. Mediaspree area, Berlin -- 4.3. Conclusion -- Chapter 5. Planning instruments for POPS in Teheran‑ro, Seoul -- 5.1. Formal planning instrument at national level -- 5.2. Formal planning instruments at city level -- 5.3. Informal planning instruments at city level -- 5.4. Conclusion -- Chapter 6. Planning instruments for POPS in Mediaspree area, Berlin -- 6.1. Formal and indirect planning instruments -- 6.2. Informal and indirect planning instruments -- 6.3. Financial and indirect instruments -- 6.4. Formal and direct planning instruments -- 6.5. Conclusion -- Chapter 7. Outcomes of planning instruments for POPS -- 7.1. Teheran‐ro, Seoul -- 7.2. Mediaspree area, Berlin -- 7.3. Conclusion -- Chapter 8. Conclusion -- 8.1. Answer to the first research question -- 8.2. Answer to the second research question -- 8.3. Answer to the third research question -- 8.4. Answer to the fourth research question -- Glossary -- Appendix -- Bibliography.
|
| 588 |
|
|
|a Description based on publisher supplied metadata and other sources.
|
| 590 |
|
|
|a Electronic reproduction. Ann Arbor, Michigan : ProQuest Ebook Central, 2023. Available via World Wide Web. Access may be limited to ProQuest Ebook Central affiliated libraries.
|
| 655 |
|
4 |
|a Electronic books.
|
| 776 |
0 |
8 |
|i Print version:
|a Lee, Dahae
|t Public Space in Transition
|d Bielefeld : transcript,c2022
|z 9783837662320
|
| 797 |
2 |
|
|a ProQuest (Firm)
|
| 830 |
|
0 |
|a Urban Studies
|
| 856 |
4 |
0 |
|u https://ebookcentral.proquest.com/lib/matrademy/detail.action?docID=7024805
|z Click to View
|